Guess the city by the picture #1 - Statistics

General Stats
  • This quiz has been taken 41 times
  • The average score is 14 of 20
Answer Stats
Picture Answer % Correct
London
100%
Rio de Janeiro
92%
Sydney
92%
Washington
92%
Moscow
87%
Beijing
84%
Paris
82%
Rome
79%
Berlin
76%
Seattle
71%
Agra
68%
Mecca
68%
Giza
66%
New York City
66%
Toronto
61%
Cape Town
58%
San Fransisco
42%
Venice
42%
Madrid
26%
Singapore
18%
No matching quizzes found
Score Distribution
Percent of People with Each Score
Percentile by Number Answered
Your Score History
You have not taken this quiz